Packaged Water Brands - Statistics

General Stats
  • This quiz has been taken 3 times
  • The average score is 7 of 16
Answer Stats
Picture Answer % Correct
Fiji
100%
Dasani
67%
Smart
67%
Acqua Panna
33%
Aquafina
33%
Arrowhead
33%
Boxed Water is Better
33%
Crystal Geyser
33%
Essentia
33%
Evian
33%
Just Water
33%
Liquid Death
33%
Poland Spring
33%
Pure Life
33%
Saratoga
33%
Zen Water
33%
No matching quizzes found
Score Distribution
Percent of People with Each Score
Percentile by Number Answered
Your Score History
You have not taken this quiz